[Event "Titled Tuesday intern op 12th Jul Early"]
[Site "Chess.com INT"]
[Date "2022.07.12"]
[Round "8"]
[White "Hasman, Cengiz"]
[Black "Musat, Adrian"]
[Result "1-0"]
[WhiteElo "2101"]
[BlackElo "2378"]
[PlyCount "55"]
[EventDate "2022.07.12"]
[EventType "swiss (blitz)"]
[EventRounds "11"]
[EventCountry "USA"]
[SourceTitle "EXT 2023"]
[Source "ChessBase"]
[SourceDate "2022.10.05"]
[SourceVersion "1"]
[SourceVersionDate "2022.10.05"]
[SourceQuality "1"]

1. d4 d5 2. c4 e6 3. Nc3 a6 4. Nf3 dxc4 5. a4 Nc6 6. e4 Na5 7. Bg5 Be7 8. Bxe7 Nxe7 9. Be2 c6 10. 0-0 b5 11. axb5 cxb5 12. b4 cxb3 13. Bxb5+ axb5 14. Nxb5 0-0 15. e5 Bb7 16. Nd6 Bxf3 17. Qxf3 Nf5 18. Nxf5 exf5 19. d5 b2 20. Rab1 Nc4 21. Qc3 Qxd5 22. Rfd1 Qxd1+ 23. Rxd1 Ra1 24. Rxa1 bxa1Q+ 25. Qxa1 Re8 26. f4 Nd2 27. Qa4 Rd8 28. Qa5 1-0

[Event "Titled Tuesday intern op 12th Jul Early"]
[Site "Chess.com INT"]
[Date "2022.07.12"]
[Round "9"]
[White "Hasman, Cengiz"]
[Black "Sadilek, Peter"]
[Result "1-0"]
[WhiteElo "2101"]
[BlackElo "2330"]
[PlyCount "163"]
[EventDate "2022.07.12"]
[EventType "swiss (blitz)"]
[EventRounds "11"]
[EventCountry "USA"]
[SourceTitle "EXT 2023"]
[Source "ChessBase"]
[SourceDate "2022.10.05"]
[SourceVersion "1"]
[SourceVersionDate "2022.10.05"]
[SourceQuality "1"]

1. d4 Nf6 2. c4 c5 3. d5 g6 4. Nc3 Bg7 5. e4 0-0 6. Nge2 d6 7. Ng3 e6 8. Be2 exd5 9. exd5 h5 10. Bg5 Qb6 11. Qd2 Nh7 12. Bf4 g5 13. Be3 f5 14. f4 gxf4 15. Bxf4 h4 16. Nh5 Bd4 17. 0-0-0 Nd7 18. g4 Ne5 19. gxf5 Bxf5 20. Rhg1+ Kh8 21. Rgf1 Ng6 22. Bh6 Rf7 23. Be3 Be5 24. Bd3 Raf8 25. Rxf5 Rxf5 26. Qc2 Ne7 27. Bxf5 Nxf5 28. Bd2 Nd4 29. Qg6 Ne2+ 30. Kc2 Nxc3 31. bxc3 Qa6 32. Bh6 Qxa2+ 33. Kd3 Rf3+ 34. Be3 Rxe3+ 35. Kxe3 Qxh2 36. Qe8+ Nf8 37. Qxf8+ Kh7 38. Qf7+ Kh6 39. Nf4 Qg3+ 40. Ke4 h3 41. Qe6+ Kh7 42. Qxh3+ Qxh3 43. Nxh3 Bxc3 44. Ng5+ Kg6 45. Ne6 a5 46. Rb1 Bb4 47. Kd3 Kf6 48. Rf1+ Ke5 49. Kc2 a4 50. Re1+ Kf5 51. Rf1+ Ke5 52. Rf7 b5 53. Kd3 bxc4+ 54. Kxc4 a3 55. Ra7 Ke4 56. Nd8 Ke5 57. Nc6+ Ke4 58. Nxb4 cxb4 59. Kxb4 Kxd5 60. Kxa3 Kc4 61. Kb2 d5 62. Kc2 d4 63. Kd2 Kc5 64. Rd7 Kc4 65. Rd8 Kc5 66. Kd3 Kc6 67. Rxd4 Kc7 68. Rh4 Kc6 69. Rh5 Kd6 70. Ke4 Kc6 71. Kd4 Kd6 72. Rh6+ Ke7 73. Kd5 Kf8 74. Rh7 Ke8 75. Ra7 Kd8 76. Ke6 Kc8 77. Kd6 Kb8 78. Rh7 Ka8 79. Kc6 Kb8 80. Rg7 Ka8 81. Kb6 Kb8 82. Rg8# 1-0

[Event "Titled Tuesday intern op 12th Jul Early"]
[Site "Chess.com INT"]
[Date "2022.07.12"]
[Round "10"]
[White "Sanchez, Roberto Daniel"]
[Black "Hasman, Cengiz"]
[Result "1-0"]
[WhiteElo "1966"]
[BlackElo "2101"]
[PlyCount "51"]
[EventDate "2022.07.12"]
[EventType "swiss (blitz)"]
[EventRounds "11"]
[EventCountry "USA"]
[SourceTitle "EXT 2023"]
[Source "ChessBase"]
[SourceDate "2022.10.05"]
[SourceVersion "1"]
[SourceVersionDate "2022.10.05"]
[SourceQuality "1"]

1. e4 d6 2. d4 Nf6 3. Nc3 Nbd7 4. Nf3 e5 5. Bc4 Be7 6. 0-0 c6 7. a4 a5 8. h3 h6 9. Be3 Qc7 10. Re1 Nf8 11. Ba2 g5 12. dxe5 dxe5 13. Nxe5 Qxe5 14. Bd4 Qc7 15. e5 Ne6 16. exf6 Bb4 17. Be5 Qb6 18. Qh5 Kf8 19. Rad1 Kg8 20. Re3 Bc5 21. Rf3 Qxb2 22. Bb3 Qa3 23. Rg3 Bxf2+ 24. Kxf2 Qc5+ 25. Bd4 Nxd4 26. Qxf7# 1-0

[Event "Titled Tuesday intern op 03rd May Late"]
[Site "Chess.com INT"]
[Date "2022.05.03"]
[Round "3"]
[White "Demchenko, Anton"]
[Black "Hasman, Cengiz"]
[Result "1-0"]
[WhiteElo "2654"]
[BlackElo "2101"]
[PlyCount "121"]
[EventDate "2022.05.03"]
[EventType "swiss (blitz)"]
[EventRounds "11"]
[EventCountry "USA"]
[SourceTitle "CBM 208 Extra"]
[Source "ChessBase"]
[SourceDate "2022.07.31"]
[SourceVersion "1"]
[SourceVersionDate "2022.07.31"]
[SourceQuality "1"]

1. e4 d6 2. d4 Nf6 3. Nc3 Nbd7 4. f4 e5 5. Nf3 exd4 6. Qxd4 c6 7. Bd2 d5 8. exd5 Bc5 9. Qd3 Qe7+ 10. Be2 0-0 11. 0-0-0 cxd5 12. Rhe1 Nb6 13. Ne5 d4 14. Ne4 Nxe4 15. Qxe4 f6 16. Bd3 g6 17. Nf3 Qxe4 18. Bxe4 Bg4 19. Bxb7 Rab8 20. Be4 f5 21. Bd3 Bxf3 22. gxf3 Rfe8 23. Bb5 Rxe1 24. Rxe1 Kf8 25. a4 Nd5 26. Re6 Ne3 27. Rc6 Bb6 28. Bb4+ Kg7 29. Rd6 Rc8 30. Rd7+ Kh6 31. Bd3 Rc7 32. Rxc7 Bxc7 33. Bc5 Bb6 34. Bxb6 axb6 35. b4 Nd5 36. a5 bxa5 37. bxa5 Kg7 38. Kb2 Kf6 39. Kb3 Ke7 40. Kc4 Kd6 41. Kxd4 Nxf4 42. Bc4 Kc6 43. Ke5 Nh3 44. Bg8 Ng1 45. Kf4 h6 46. Bh7 g5+ 47. Ke3 f4+ 48. Kf2 Nh3+ 49. Kg2 g4 50. fxg4 Ng5 51. Bd3 Kc5 52. a6 Kb6 53. h4 Ne6 54. Kf3 Nc5 55. Kxf4 Nxd3+ 56. cxd3 Kxa6 57. Kf5 Kb5 58. Kg6 Kc5 59. Kxh6 Kd4 60. g5 Kxd3 61. g6 1-0

[Event "Titled Tuesday intern op 03rd May Late"]
[Site "Chess.com INT"]
[Date "2022.05.03"]
[Round "4"]
[White "Hasman, Cengiz"]
[Black "Kholin, Aleksandr1111"]
[Result "0-1"]
[WhiteElo "2101"]
[BlackElo "2405"]
[PlyCount "72"]
[EventDate "2022.05.03"]
[EventType "swiss (blitz)"]
[EventRounds "11"]
[EventCountry "USA"]
[SourceTitle "CBM 208 Extra"]
[Source "ChessBase"]
[SourceDate "2022.07.31"]
[SourceVersion "1"]
[SourceVersionDate "2022.07.31"]
[SourceQuality "1"]

1. d4 d5 2. c4 e6 3. Nc3 Nf6 4. cxd5 exd5 5. Bg5 Be7 6. e3 c6 7. Bd3 Nbd7 8. Nge2 0-0 9. Qc2 Re8 10. f3 h6 11. Bh4 Nh5 12. Bf2 Bg5 13. f4 Be7 14. g4 Nhf6 15. Rg1 Ne4 16. Nxe4 dxe4 17. Bxe4 Bb4+ 18. Nc3 Nf6 19. Bf3 Qxd4 20. Kf1 Rxe3 21. Ne2 Rxe2 22. Qxe2 Qxf4 23. Be3 Qe5 24. a3 Bf8 25. Re1 Be6 26. Rg2 Nd5 27. Bxd5 Bxd5 28. Rf2 Qe4 29. Qd2 Qh1+ 30. Ke2 Bc4+ 31. Kd1 Qe4 32. Kc1 Ba2 33. Qc2 Qxc2+ 34. Kxc2 Be6 35. h3 Re8 36. Bxa7 Bb3+ 0-1

[Event "Titled Tuesday intern op 03rd May Late"]
[Site "Chess.com INT"]
[Date "2022.05.03"]
[Round "1"]
[White "Hasman, Cengiz"]
[Black "Maksimovic, Bojan"]
[Result "0-1"]
[WhiteElo "2101"]
[BlackElo "2455"]
[PlyCount "68"]
[EventDate "2022.05.03"]
[EventType "swiss (blitz)"]
[EventRounds "11"]
[EventCountry "USA"]
[SourceTitle "CBM 208 Extra"]
[Source "ChessBase"]
[SourceDate "2022.07.31"]
[SourceVersion "1"]
[SourceVersionDate "2022.07.31"]
[SourceQuality "1"]

1. d4 Nf6 2. c4 d6 3. Nc3 e5 4. e3 Nbd7 5. Nf3 g6 6. Be2 Bg7 7. 0-0 0-0 8. h3 Re8 9. Rb1 e4 10. Nd2 Nf8 11. Qc2 Qe7 12. Nd5 Nxd5 13. cxd5 h5 14. b3 h4 15. Ba3 Bf5 16. Rbc1 Rac8 17. Bb5 Red8 18. Be2 Nd7 19. Nc4 b6 20. Nd2 Nf6 21. Ba6 Nxd5 22. Bxc8 Rxc8 23. Qc4 Qe6 24. Qa6 Bh6 25. Nc4 Bxh3 26. gxh3 Qxh3 27. Rc2 Qg4+ 28. Kh1 Qf3+ 29. Kg1 h3 30. Qxc8+ Kg7 31. Qxh3 Qxh3 32. Nd2 Nxe3 33. fxe3 Bxe3+ 34. Rf2 Qg3+ 0-1

[Event "Titled Tuesday intern op 18th Jan"]
[Site "Chess.com INT"]
[Date "2022.01.18"]
[Round "3"]
[White "Hasman, Cengiz"]
[Black "Beerdsen, Thomas"]
[Result "0-1"]
[WhiteElo "2101"]
[BlackElo "2508"]
[PlyCount "76"]
[EventDate "2022.01.18"]
[EventType "swiss (blitz)"]
[EventRounds "11"]
[EventCountry "USA"]
[SourceTitle "CBM 206 Extra"]
[Source "ChessBase"]
[SourceDate "2022.03.31"]
[SourceVersion "1"]
[SourceVersionDate "2022.03.31"]
[SourceQuality "1"]

1. d4 d5 2. c4 Nc6 3. Nc3 Nf6 4. cxd5 Nxd5 5. e4 Nxc3 6. bxc3 e5 7. d5 Na5 8. Nf3 Bd6 9. Be2 0-0 10. 0-0 c6 11. c4 f5 12. Bg5 Qe8 13. exf5 Bxf5 14. dxc6 Qxc6 15. Qd5+ Qxd5 16. cxd5 Rac8 17. Rac1 Be4 18. Bd2 b6 19. Bxa5 bxa5 20. Ba6 Rxc1 21. Rxc1 Rb8 22. Ng5 Rb1 23. Rxb1 Bxb1 24. Bc4 h6 25. Ne6 a4 26. f3 Kf7 27. Kf2 Kf6 28. Ke3 g5 29. g4 e4 30. fxe4 Bxh2 31. Kf3 Ke5 32. Nc5 Bg1 33. Nd7+ Kd4 34. Bb5 Bxe4+ 35. Ke2 Bxd5 36. Bxa4 Bxa2 37. Nf6 Ke5 38. Ng8 Bxg8 0-1

[Event "Titled Tuesday intern op 18th Jan"]
[Site "Chess.com INT"]
[Date "2022.01.18"]
[Round "9"]
[White "Hasman, Cengiz"]
[Black "Krstulovic, Alex"]
[Result "0-1"]
[WhiteElo "2101"]
[BlackElo "2395"]
[PlyCount "52"]
[EventDate "2022.01.18"]
[EventType "swiss (blitz)"]
[EventRounds "11"]
[EventCountry "USA"]
[SourceTitle "CBM 206 Extra"]
[Source "ChessBase"]
[SourceDate "2022.03.31"]
[SourceVersion "1"]
[SourceVersionDate "2022.03.31"]
[SourceQuality "1"]

1. d4 Nf6 2. c4 e6 3. Bg5 c5 4. d5 b5 5. dxe6 fxe6 6. e4 Be7 7. e5 Ne4 8. Bxe7 Qa5+ 9. Nd2 Kxe7 10. Ngf3 Rf8 11. Bd3 Nxd2 12. Nxd2 bxc4 13. Be4 Nc6 14. Bxc6 dxc6 15. 0-0 Ba6 16. Ne4 Rad8 17. Qh5 c3 18. Qg5+ Kf7 19. bxc3 Bxf1 20. Rxf1 Kg8 21. Qg4 Qxa2 22. Ng5 Rde8 23. f4 h6 24. Ne4 Re7 25. Rd1 Qa4 26. h4 Qxe4 0-1

[Event "Titled Tuesday intern op 18th Jan"]
[Site "Chess.com INT"]
[Date "2022.01.18"]
[Round "11"]
[White "Hasman, Cengiz"]
[Black "Lakshmi, Chidambaram"]
[Result "1-0"]
[WhiteElo "2101"]
[BlackElo "1989"]
[PlyCount "67"]
[EventDate "2022.01.18"]
[EventType "swiss (blitz)"]
[EventRounds "11"]
[EventCountry "USA"]
[SourceTitle "CBM 206 Extra"]
[Source "ChessBase"]
[SourceDate "2022.03.31"]
[SourceVersion "1"]
[SourceVersionDate "2022.03.31"]
[SourceQuality "1"]

1. d4 Nf6 2. c4 g6 3. Nc3 Bg7 4. e4 d6 5. Nge2 0-0 6. Ng3 c5 7. d5 Na6 8. Be2 Nc7 9. Bf4 a6 10. a4 b6 11. Qd2 Rb8 12. 0-0 Bd7 13. e5 dxe5 14. Bxe5 Ng4 15. Bxg7 Kxg7 16. Bxg4 Bxg4 17. Qg5 Bc8 18. Rad1 f6 19. Qf4 g5 20. Qe3 b5 21. Rfe1 Rf7 22. Qxc5 bxc4 23. d6 exd6 24. Rxd6 Qf8 25. Nce4 Rxb2 26. Qxc4 Kh8 27. Qc3 Rb7 28. Nxg5 Rg7 29. Rxf6 Qg8 30. h4 Nd5 31. Qe5 Nxf6 32. Qxf6 Bg4 33. f3 Bc8 34. Nh5 1-0

[Event "Titled Tuesday intern op 18th Jan"]
[Site "Chess.com INT"]
[Date "2022.01.18"]
[Round "5"]
[White "Hasman, Cengiz"]
[Black "Saydaliev, Saidakbar"]
[Result "0-1"]
[WhiteElo "2101"]
[BlackElo "2356"]
[PlyCount "82"]
[EventDate "2022.01.18"]
[EventType "swiss (blitz)"]
[EventRounds "11"]
[EventCountry "USA"]
[SourceTitle "CBM 206 Extra"]
[Source "ChessBase"]
[SourceDate "2022.03.31"]
[SourceVersion "1"]
[SourceVersionDate "2022.03.31"]
[SourceQuality "1"]

1. d4 Nf6 2. c4 g6 3. Nc3 Bg7 4. e4 0-0 5. Nge2 d6 6. Ng3 c5 7. d5 e6 8. Be2 exd5 9. exd5 Re8 10. 0-0 a6 11. a4 Nbd7 12. Bf4 Ne5 13. Qd2 h5 14. Bg5 Rb8 15. h3 Qc7 16. f4 Ned7 17. f5 Nh7 18. fxg6 fxg6 19. Bh6 Bd4+ 20. Kh1 Ndf6 21. Bd3 Qf7 22. Nge4 Nxe4 23. Nxe4 Qe7 24. Rae1 Bf5 25. Ng5 Be3 26. Qc2 Nxg5 27. Bxf5 gxf5 28. Qxf5 Qh7 29. Bxg5 Qxf5 30. Rxf5 Bd4 31. Re6 Bxb2 32. Bf4 Rxe6 33. dxe6 Re8 34. Bxd6 Rxe6 35. Bxc5 Re1+ 36. Kh2 h4 37. Bd6 Bd4 38. g4 Re2+ 39. Kh1 Ra2 40. Be7 Bf2 41. c5 Bg3 0-1

[Event "Titled Tuesday intern op 11th Jan"]
[Site "Chess.com INT"]
[Date "2022.01.11"]
[Round "5"]
[White "Bilan, Danila"]
[Black "Hasman, Cengiz"]
[Result "1/2-1/2"]
[WhiteElo "2303"]
[BlackElo "2101"]
[PlyCount "128"]
[EventDate "2022.01.11"]
[EventType "swiss (blitz)"]
[EventRounds "11"]
[EventCountry "USA"]
[SourceTitle "CBM 206 Extra"]
[Source "ChessBase"]
[SourceDate "2022.03.31"]
[SourceVersion "1"]
[SourceVersionDate "2022.03.31"]
[SourceQuality "1"]

1. d4 d6 2. Nf3 Nf6 3. c4 g6 4. Bg5 Bg7 5. Nc3 h6 6. Bh4 0-0 7. e3 Nc6 8. Be2 Bf5 9. 0-0 Ne4 10. Nxe4 Bxe4 11. Nd2 Bf5 12. Bg4 Qd7 13. Bxf5 Qxf5 14. Rb1 g5 15. Bg3 e5 16. d5 Ne7 17. e4 Qg6 18. f3 b6 19. b4 a5 20. a3 axb4 21. axb4 Ra2 22. Rf2 Rfa8 23. Nf1 f5 24. Rxa2 Rxa2 25. Qb3 Re2 26. Qd3 Ra2 27. Bf2 fxe4 28. fxe4 Qf7 29. Be3 Ng6 30. Ng3 Nh4 31. Bd2 Qd7 32. Rf1 Qa4 33. Rf2 Qd1+ 34. Nf1 Qg4 35. h3 Qd1 36. Kh2 Ng6 37. g3 h5 38. Qf3 Qxf3 39. Rxf3 h4 40. Rf2 hxg3+ 41. Kxg3 Nf4 42. Bxf4 exf4+ 43. Kf3 Ra4 44. Rc2 Rxb4 45. Kg4 Rb3 46. Kxg5 Rxh3 47. Kxf4 Rh4+ 48. Kf5 Kf7 49. Ng3 Be5 50. Ne2 Rh5+ 51. Kg4 Rh2 52. Kf3 Kg6 53. Nd4 Rh3+ 54. Kg4 Rg3+ 55. Kh4 Kf6 56. Nc6 Rg1 57. Rf2+ Kg6 58. Nd8 Rh1+ 59. Kg4 Rc1 60. Ne6 Rxc4 61. Kf3 Rc3+ 62. Kg4 Rc4 63. Kf3 Rc3+ 64. Kg4 Rc4 1/2-1/2

[Event "Titled Tuesday intern op 11th Jan"]
[Site "Chess.com INT"]
[Date "2022.01.11"]
[Round "3"]
[White "Sargsyan, Anna M"]
[Black "Hasman, Cengiz"]
[Result "0-1"]
[WhiteElo "2380"]
[BlackElo "2101"]
[PlyCount "64"]
[EventDate "2022.01.11"]
[EventType "swiss (blitz)"]
[EventRounds "11"]
[EventCountry "USA"]
[SourceTitle "CBM 206 Extra"]
[Source "ChessBase"]
[SourceDate "2022.03.31"]
[SourceVersion "1"]
[SourceVersionDate "2022.03.31"]
[SourceQuality "1"]

1. d4 d6 2. c4 Nf6 3. g3 g6 4. Bg2 Bg7 5. Nc3 0-0 6. Nf3 Nc6 7. 0-0 Bf5 8. Ne1 e5 9. d5 Ne7 10. e4 Bg4 11. f3 Bd7 12. Nd3 b6 13. Be3 Ne8 14. Qd2 f5 15. Bh6 Nf6 16. Bxg7 Kxg7 17. Rae1 fxe4 18. fxe4 h6 19. b4 a5 20. a3 axb4 21. axb4 Ra3 22. c5 bxc5 23. bxc5 Qa8 24. Kh1 Qa5 25. Rc1 g5 26. Qb2 Ng6 27. c6 Bc8 28. Nb4 Ng4 29. Rxf8 Nxf8 30. Bf1 Ng6 31. Bb5 Qa7 32. Nc2 Qf2 0-1

[Event "Titled Tuesday intern op 04th Jan"]
[Site "Chess.com INT"]
[Date "2022.01.04"]
[Round "2"]
[White "Hasman, Cengiz"]
[Black "Silva, Miguel Antonio Neto"]
[Result "0-1"]
[WhiteElo "2101"]
[BlackElo "2213"]
[PlyCount "88"]
[EventDate "2022.01.04"]
[EventType "swiss (blitz)"]
[EventRounds "11"]
[EventCountry "USA"]
[SourceTitle "EXT 2023"]
[Source "ChessBase"]
[SourceDate "2022.10.05"]
[SourceVersion "1"]
[SourceVersionDate "2022.10.05"]
[SourceQuality "1"]

1. d4 Nf6 2. c4 e6 3. Bg5 c5 4. d5 exd5 5. cxd5 d6 6. Nc3 g6 7. e4 Bg7 8. f4 0-0 9. Nf3 Qa5 10. Bd3 Bg4 11. 0-0 c4 12. Bc2 b5 13. Kh1 Nbd7 14. a3 Rfe8 15. h3 Bxf3 16. Qxf3 b4 17. axb4 Qxb4 18. Rab1 Rab8 19. e5 dxe5 20. f5 e4 21. Bxe4 Qd6 22. fxg6 fxg6 23. Bc2 Rf8 24. Qf4 Ne5 25. Rfe1 Nh5 26. Qh2 h6 27. Be3 Rbe8 28. Bxa7 Qd7 29. Bd4 Nd3 30. Bxg7 Nxe1 31. Bxf8 Nxc2 32. Bxh6 Qh7 33. Bg5 Qf7 34. d6 Qf5 35. Rd1 Qxg5 36. d7 Rd8 37. Qd6 Ng3+ 38. Kh2 Nf5 39. Qd5+ Kh7 40. Ne4 Qf4+ 41. Kh1 Nce3 42. Qf7+ Kh6 43. Nf6 Ng3+ 44. Kg1 Ne2+ 0-1

[Event "Titled Tuesday intern op 04th Jan"]
[Site "Chess.com INT"]
[Date "2022.01.04"]
[Round "9"]
[White "Hasman, Cengiz"]
[Black "Tokman, Ariel"]
[Result "0-1"]
[WhiteElo "2101"]
[BlackElo "2315"]
[PlyCount "84"]
[EventDate "2022.01.04"]
[EventType "swiss (blitz)"]
[EventRounds "11"]
[EventCountry "USA"]
[SourceTitle "EXT 2023"]
[Source "ChessBase"]
[SourceDate "2022.10.05"]
[SourceVersion "1"]
[SourceVersionDate "2022.10.05"]
[SourceQuality "1"]

1. d4 Nf6 2. c4 g6 3. Nc3 Bg7 4. e4 d6 5. Nge2 0-0 6. Ng3 e5 7. d5 c6 8. Be2 cxd5 9. cxd5 a6 10. a4 a5 11. h4 Na6 12. h5 Nb4 13. hxg6 fxg6 14. Bg5 Qb6 15. Qd2 Ng4 16. Bxg4 Bxg4 17. Be3 Qa6 18. Nb5 Bd7 19. Qe2 Rac8 20. Nc3 Nd3+ 21. Kf1 Nxb2 22. Qxa6 bxa6 23. Rc1 Nxa4 24. Nxa4 Bxa4 25. Ke2 Bb5+ 26. Kd2 a4 27. Rxc8 Rxc8 28. Rc1 Rxc1 29. Kxc1 h5 30. Kd2 h4 31. Ne2 Bf6 32. Ng1 Bf1 33. g3 h3 34. Nf3 Bg2 35. Nh2 Bxe4 36. Kc3 Bxd5 37. Kb4 Bc6 38. Bc1 Kf7 39. f4 Ke6 40. fxe5 Bxe5 41. Nf1 Bg2 42. Ne3 Bxg3 0-1

[Event "Titled Tuesday intern op 28th Dec"]
[Site "Chess.com INT"]
[Date "2021.12.28"]
[Round "2"]
[White "Goltsev, Dmitry"]
[Black "Hasman, Cengiz"]
[Result "1/2-1/2"]
[WhiteElo "2215"]
[BlackElo "2101"]
[PlyCount "66"]
[EventDate "2021.12.28"]
[EventType "swiss (blitz)"]
[EventRounds "11"]
[EventCountry "USA"]
[SourceTitle "CBM 206 Extra"]
[Source "ChessBase"]
[SourceDate "2022.03.31"]
[SourceVersion "1"]
[SourceVersionDate "2022.03.31"]
[SourceQuality "1"]

1. e4 d6 2. d4 Nf6 3. Nc3 Nbd7 4. h3 e5 5. Nf3 c6 6. a4 Be7 7. Bc4 a5 8. g4 Qc7 9. g5 Nh5 10. dxe5 dxe5 11. Nh4 g6 12. Nf5 Bb4 13. Be3 Nb6 14. Bb3 Be6 15. Bxe6 fxe6 16. Nh6 Nc4 17. Qc1 0-0-0 18. 0-0 Rhf8 19. Ne2 Bd2 20. Bxd2 Nxd2 21. Rd1 Nf3+ 22. Kh1 Rxd1+ 23. Qxd1 Nxg5 24. Nc3 Nxh3 25. Kg2 Nxf2 26. Qd2 Qe7 27. Rd1 Nf4+ 28. Kxf2 Qh4+ 29. Kg1 Qg3+ 30. Kh1 Qh3+ 31. Kg1 Qg3+ 32. Kh1 Qh3+ 33. Kg1 Qg3+ 1/2-1/2

[Event "Titled Tuesday intern op 28th Dec"]
[Site "Chess.com INT"]
[Date "2021.12.28"]
[Round "3"]
[White "Hasman, Cengiz"]
[Black "Guz, Ari"]
[Result "0-1"]
[WhiteElo "2101"]
[BlackElo "2310"]
[PlyCount "118"]
[EventDate "2021.12.28"]
[EventType "swiss (blitz)"]
[EventRounds "11"]
[EventCountry "USA"]
[SourceTitle "CBM 206 Extra"]
[Source "ChessBase"]
[SourceDate "2022.03.31"]
[SourceVersion "1"]
[SourceVersionDate "2022.03.31"]
[SourceQuality "1"]

1. d4 f5 2. g3 Nf6 3. Bg2 e6 4. Nf3 Be7 5. 0-0 0-0 6. c4 c6 7. Nc3 d5 8. Qc2 Ne4 9. Rb1 Nd7 10. b4 Ndf6 11. b5 dxc4 12. bxc6 bxc6 13. e3 a5 14. Ne5 Nxc3 15. Qxc3 Nd5 16. Qxc4 Qd6 17. Qxc6 Ba6 18. Re1 Rfc8 19. Qxd6 Bxd6 20. Bd2 Rc2 21. Bxa5 Rxa2 22. Ra1 Rxa1 23. Rxa1 Bb7 24. Bxd5 Bxd5 25. Bc3 Rc8 26. Be1 h6 27. h4 Kh7 28. h5 Rc2 29. Kh2 Re2 30. Rc1 Be4 31. Kg1 Bd5 32. Ba5 Bxe5 33. dxe5 Bf3 34. Be1 Bxh5 35. Kf1 Rb2 36. Rc5 Rb1 37. Rc2 Bg4 38. f4 Kg6 39. Kf2 Kh5 40. Rd2 Bh3 41. Rc2 Kg4 42. Rd2 g5 43. Rc2 Ra1 44. Rd2 h5 45. Rc2 h4 46. gxh4 gxh4 47. Rd2 Kh5 48. Re2 Bg4 49. Rd2 Ra3 50. Rd8 Ra2+ 51. Bd2 Kg6 52. Rg8+ Kf7 53. Rh8 Rxd2+ 54. Ke1 Re2+ 55. Kf1 h3 56. e4 Rxe4 57. Kg1 Rxf4 58. Kh2 Re4 59. Kg3 Rxe5 0-1

[Event "Titled Tuesday intern op 28th Dec"]
[Site "Chess.com INT"]
[Date "2021.12.28"]
[Round "7"]
[White "Hasman, Cengiz"]
[Black "Quirke, Jeffrey"]
[Result "0-1"]
[WhiteElo "2101"]
[BlackElo "2086"]
[PlyCount "64"]
[EventDate "2021.12.28"]
[EventType "swiss (blitz)"]
[EventRounds "11"]
[EventCountry "USA"]
[SourceTitle "CBM 206 Extra"]
[Source "ChessBase"]
[SourceDate "2022.03.31"]
[SourceVersion "1"]
[SourceVersionDate "2022.03.31"]
[SourceQuality "1"]

1. d4 d5 2. c4 e6 3. Nc3 Nf6 4. cxd5 exd5 5. Bg5 c6 6. e3 h6 7. Bh4 Be6 8. Bd3 Nbd7 9. Nge2 g5 10. Bg3 Nh5 11. Qc2 Nxg3 12. Nxg3 h5 13. 0-0 h4 14. Nf5 Qf6 15. e4 Bxf5 16. exf5 0-0-0 17. Nxd5 Qxd4 18. Nc3 Nc5 19. Be2 Bd6 20. h3 Qe5 21. f4 Qe3+ 22. Kh1 Bxf4 23. f6 Qg3 24. Bg4+ Kb8 25. Rxf4 Qxf4 26. b4 Nd3 27. Ne2 Nf2+ 28. Kg1 Qe3 29. Kf1 Nxg4 30. hxg4 h3 31. g3 h2 32. Kg2 Rd2 0-1

[Event "Titled Tuesday intern op 28th Dec"]
[Site "Chess.com INT"]
[Date "2021.12.28"]
[Round "5"]
[White "Ronka, Erik"]
[Black "Hasman, Cengiz"]
[Result "1-0"]
[WhiteElo "2345"]
[BlackElo "2101"]
[PlyCount "63"]
[EventDate "2021.12.28"]
[EventType "swiss (blitz)"]
[EventRounds "11"]
[EventCountry "USA"]
[SourceTitle "CBM 206 Extra"]
[Source "ChessBase"]
[SourceDate "2022.03.31"]
[SourceVersion "1"]
[SourceVersionDate "2022.03.31"]
[SourceQuality "1"]

1. d4 d6 2. Nf3 Nf6 3. g3 g6 4. Bg2 Bg7 5. 0-0 0-0 6. b3 Nc6 7. Bb2 Bf5 8. c4 a5 9. d5 Nb4 10. Nc3 Ne4 11. Qc1 Nxc3 12. Bxc3 Bxc3 13. Qxc3 Be4 14. a3 Na6 15. Qxa5 Bxf3 16. Bxf3 c5 17. Qc3 Qc7 18. Rfc1 Rfb8 19. b4 b5 20. cxb5 Rxb5 21. e3 Rc8 22. Be2 Rb6 23. b5 Nb8 24. a4 Nd7 25. a5 Rbb8 26. b6 Qb7 27. Rcb1 Qxd5 28. Bc4 Qe4 29. Bd3 Qc6 30. Bb5 Qb7 31. a6 Qf3 32. Bxd7 1-0

[Event "Titled Tuesday intern op 21st Dec"]
[Site "Chess.com INT"]
[Date "2021.12.21"]
[Round "6"]
[White "Hasman, Cengiz"]
[Black "Kazancev, Valerij M"]
[Result "0-1"]
[WhiteElo "2101"]
[BlackElo "2313"]
[PlyCount "134"]
[EventDate "2021.12.21"]
[EventType "swiss (blitz)"]
[EventRounds "11"]
[EventCountry "USA"]
[SourceTitle "CBM 205 Extra"]
[Source "ChessBase"]
[SourceDate "2022.01.31"]
[SourceVersion "1"]
[SourceVersionDate "2022.01.31"]
[SourceQuality "1"]

1. d4 c5 2. d5 e6 3. c4 Nf6 4. Nc3 b5 5. cxb5 a6 6. b6 Qxb6 7. e4 exd5 8. exd5 Be7 9. Nf3 0-0 10. Be2 d6 11. 0-0 Bb7 12. Rb1 Nbd7 13. Bf4 Rfe8 14. h3 Bf8 15. Bc4 Qb4 16. Qd3 Nb6 17. b3 Rab8 18. Rfe1 Rxe1+ 19. Rxe1 Nxc4 20. Qxc4 Qxc4 21. bxc4 h6 22. Rb1 g5 23. Bg3 Be7 24. Rb6 Nd7 25. Rb3 f5 26. Nd2 Bc8 27. f4 Bf6 28. Ne2 Rxb3 29. axb3 Be7 30. Kf1 Nf6 31. Nc3 Nh5 32. Bh2 g4 33. hxg4 fxg4 34. g3 Bf5 35. Nce4 Nf6 36. Nxf6+ Bxf6 37. Ke2 Bd4 38. Ke1 Bc2 39. Ke2 Kf7 40. Ke1 Kg6 41. Ke2 Kf5 42. Ke1 a5 43. Ke2 h5 44. Ke1 Kf6 45. Ke2 Ke7 46. Ke1 Kd7 47. Ke2 Kc7 48. Ke1 Kb6 49. Ke2 Ka6 50. Ke1 a4 51. bxa4 Ka5 52. Ke2 Kxa4 53. Ke1 Kb4 54. Ke2 Kc3 55. Nf1 Bd3+ 56. Ke1 Kxc4 57. Nd2+ Kxd5 58. Nf1 c4 59. Nd2 c3 60. Nb3 Be3 61. Kd1 c2+ 62. Ke1 Kc4 63. Nd2+ Kc3 64. Ne4+ Bxe4 65. Ke2 Bd2 66. Bg1 Bd3+ 67. Kf2 c1Q 0-1

[Event "Titled Tuesday intern op 21st Dec"]
[Site "Chess.com INT"]
[Date "2021.12.21"]
[Round "5"]
[White "Hasman, Cengiz"]
[Black "Necula, Iulian"]
[Result "1-0"]
[WhiteElo "2101"]
[BlackElo "1890"]
[PlyCount "43"]
[EventDate "2021.12.21"]
[EventType "swiss (blitz)"]
[EventRounds "11"]
[EventCountry "USA"]
[SourceTitle "CBM 205 Extra"]
[Source "ChessBase"]
[SourceDate "2022.01.31"]
[SourceVersion "1"]
[SourceVersionDate "2022.01.31"]
[SourceQuality "1"]

1. d4 d6 2. c4 f5 3. g3 Nf6 4. Bg2 g6 5. Nf3 Bg7 6. 0-0 0-0 7. b3 c6 8. Bb2 Na6 9. Nbd2 Qc7 10. Qc2 Bd7 11. a3 Rad8 12. e4 fxe4 13. Nxe4 Nxe4 14. Qxe4 Bf5 15. Qe2 Rfe8 16. Nh4 Bc8 17. f4 e6 18. Nf3 h6 19. Qd3 Qf7 20. Nh4 g5 21. fxg5 hxg5 22. Rxf7 1-0